00636nam a2200181Ia 4500003000500000005001700005008004100022020002300063040001400086082001300100100001800113245006700131260005700198300006000255490000800315521002200323650010900345322820260415110805.0220601s9999 xx o 000 0deng d a9781928420477qpbk c3228aRDA a920 KRIE aKriel, Helena 4aThe year of facing fire: a memoir /bHard covercKriel, Helena aAuckland Park, South Africa;bMFBooks Joburg;c2019. a245 pages;billustrations (some colour);c24 centimetre 3ddc btitle of the book aKriel, Helena; Kriel, Helena—Family; Authors, South African—BiographyzAuckland Park, South Africa